| 000 | 00589nam a2200205 a 4500 | ||
|---|---|---|---|
| 005 | 20231101063640.0 | ||
| 008 | 991125s1979 mx 000 0 spa u | ||
| 020 | _a968160380X | ||
| 035 | _aUPN01000050681 | ||
| 049 | _aCG | ||
| 050 | 4 |
_aPQ7297 P3 _bR4 |
|
| 100 | 1 |
_aPellicer, Carlos, _d1899-1977 |
|
| 245 | 1 | 0 |
_aRecinto ; Otras imágenes / _cCarlos Pellicer |
| 260 |
_aMéxico : _bFCE, _c1979. |
||
| 300 | _a81 p. | ||
| 440 | 0 | _aLetras mexicanas | |
| 650 | 4 |
_aPoesía mexicana _91273 |
|
| 600 | 1 | 4 |
_aPELLICER, CARLOS, _d1899-1977 - _vSELECCIONES, EXTRACTOS, ETC. _914571 |
| 905 | _aLibro | ||
| 999 |
_c50681 _d50681 |
||